| 000 | 01099nam a2200241 a 4500 | ||
|---|---|---|---|
| 001 | 000035364 | ||
| 003 | DO-SdBNP | ||
| 005 | 20231109112657.0 | ||
| 008 | 111028s1945 cu 000 0 spa d | ||
| 040 |
_aDO-SdBNP _bspa _cBNPHU |
||
| 082 | 4 | _222 | |
| 100 | 1 |
_aArredondo, Alberto, _d1912-1968 _947366 |
|
| 245 | 1 | 0 |
_aCuba : _btierra indefensa / _cAlberto Arredondo ; prólogo de Ramiro Guerra. |
| 260 |
_aLa Habana : _bLex, _c1945. |
||
| 300 |
_a500 p. ; _c24 cm. |
||
| 500 | _aEn la portada: La tierra, los bancos, la moneda, el régimen de la propiedad, el desenvolvimiento de la agricultura, los factores humanos de la producción y las causas y efectos de los movimientos revolucionarios, en la historia económica de Cuba, desde 1492 hasta 1933. | ||
| 504 | _aÍndice de autores y obras consultadas: p. 493-500 | ||
| 590 | _aPerteneció a la biblioteca personal de Juan Isidro Jimenes Grullón | ||
| 650 | 2 | 4 |
_aAgricultura _xCondiciones económicas _zCuba _961163 |
| 651 | 4 |
_aCuba _xCondiciones económicas _918921 |
|
| 700 | 1 |
_aGuerra, Ramiro, _d1880-1970 _epról. _961164 |
|
| 942 |
_2ddc _cLBS1 |
||
| 999 |
_c34855 _d34855 |
||